LEADER 01430oam 2200373M 450 001 9910716290303321 005 20200213071003.6 035 $a(CKB)5470000002519218 035 $a(OCoLC)1065634869 035 $a(OCoLC)995470000002519218 035 $a(EXLCZ)995470000002519218 100 $a20071213d1926 ua 0 101 0 $aeng 135 $aurcn||||||||| 181 $ctxt$2rdacontent 182 $cc$2rdamedia 183 $acr$2rdacarrier 200 10$aConsideration of H.R. 10821 and H.R. 11053. May 6, 1926. -- Referred to the House Calendar and ordered to be printed 210 1$a[Washington, D.C.] :$c[U.S. Government Printing Office],$d1926. 215 $a1 online resource (1 pages) 225 1 $aHouse report / 69th Congress, 1st session. House ;$vno. 1088 225 1 $a[United States congressional serial set] ;$v[serial no. 8537] 300 $aBatch processed record: Metadata reviewed, not verified. Some fields updated by batch processes. 300 $aFDLP item number not assigned. 608 $aLegislative materials.$2lcgft 701 $aSnell$b Bertrand Hollis$f1870-1958$pRepublican (NY)$01388514 801 0$bWYU 801 1$bWYU 801 2$bOCLCO 801 2$bOCLCQ 906 $aBOOK 912 $a9910716290303321 996 $aConsideration of H.R. 10821 and H.R. 11053. May 6, 1926. -- Referred to the House Calendar and ordered to be printed$93492797 997 $aUNINA LEADER 01220nam 2200445 450 001 9910819152003321 005 20230808194645.0 010 $a1-68325-157-1 035 $a(CKB)3710000000776881 035 $a(MiAaPQ)EBC4619670 035 $a(Au-PeEL)EBL4619670 035 $a(CaPaEBR)ebr11241310 035 $a(OCoLC)956277921 035 $a(EXLCZ)993710000000776881 100 $a20160825h20162016 uy 0 101 0 $aspa 135 $aurcnu|||||||| 181 $2rdacontent 182 $2rdamedia 183 $2rdacarrier 200 10$aDiccionario de calori?as /$fClara Cesana 210 1$aIreland :$cEditorial De Vecchi,$d2016. 210 4$dİ2016 215 $a1 online resource (118 pages) $cillustrations, tables 225 1 $aSalud 311 $a84-315-2606-8 410 0$aColeccio?n Salud. 606 $aFood$xCaloric content 606 $aLow-calorie diet$vRecipes 615 0$aFood$xCaloric content. 615 0$aLow-calorie diet 676 $a641.1 700 $aCesana$b Clara$01176068 801 0$bMiAaPQ 801 1$bMiAaPQ 801 2$bMiAaPQ 906 $aBOOK 912 $a9910819152003321 996 $aDiccionario de calori?as$93978732 997 $aUNINA